Very General Knowledge - Statistics

General Stats
  • This quiz has been taken 82 times
    49 since last reset
  • The average score is 6 of 15
Answer Stats
Hint Answer % Correct
Who is the longest serving British monarch? Queen Elizabeth II
71%
Which European city has a major railway station called Waterloo? London
69%
In which modern-day country did Napoleon meet his "Waterloo"? Belgium
64%
Which band had a major hit with "Waterloo"? ABBA
60%
Which British explorer died on Hawaii in 1779? James Cook
60%
In an emergency in the UK, what phone number should you call? 999
50%
In which Caribbean nation would you predominantly find Creole spoken? Haiti
48%
Where in Spain is the Guggenheim Museum located? Bilbao
36%
What did the capital of what was Ceylon used to be? Colombo
33%
The Gornergrat railway station has a magnificent view of what Alpine peak? Matterhorn
31%
Zambia and Zimbabwe were both originally named after what explorer? Cecil Rhodes
24%
What term was used to describe the separation that resulted in India and Pakistan? Partition
19%
The "Avenue des Champs-Elysees" is a boulevard in Paris. What does it mean? Avenue of the Elysian Fields
10%
Which US city was known for its production of rubber products? Akron
5%
During a Vatican election white smoke signifies a new ___ has been selected. Pope
0%
No matching quizzes found
Score Distribution
Percent of People with Each Score
Percentile by Number Answered
Your Score History
You have not taken this quiz since the last reset